Ведомости о доходах и расходах по городам Енисейской губернии

Доступно только в Электронных читальных залах Найти на картеНа карте
RUSMARC
00003565nmc2a2200000 x 450
001805f6b85-f447-4b10-8c8b-c4e3f99e1206
00520160315140639.0
100##$a20150915l18261827k l0rusy0189 ca
1010#$arus
102##$aRU
2001#$aВедомости о доходах и расходах по городам Енисейской губернии
$j20 декабря 1826 г. - 17 марта 1827 г.
$h[Часть 15]
251##$cДело
300##$aДело
801#0$aRU
$bРГИА
$c20150915
$gRCR
801#1$aRU
$bГлавНИВЦ
$c20150915
$2rusmarc
801#2$aRU
$bПБ им. Б.Н. Ельцина
$c20160315
$gRCR
$2rusmarc
850##$aРГИА
852##$aРГИА
$eФедеральное казенное учреждение "Российский государственный исторический архив" (РГИА)
$j178
$l15
937##$hРГИА
$d12153434
$aASBIBLIO_SCAN
462#0$10013f8b2ccb-ccfc-4cdc-bcab-a79f8e8f2d80
$12001
$a1826-1829 гг. Дела Департамента полиции исполнительной МВД за 1826 г.
$1251
$cОпись
$1852
$j4
461#0$10013e300ed0-cd39-49af-8489-5ba5b90fa401
$12001
$aДепартамент полиции исполнительной МВД
$1251
$cФонд
$1852
$j1286
215##$a14 л.
$d36,5х26 см
371##$aДокумент не является опубликованным и широко распространяемым
105##$ay###
1222#$ad
035##$a805f6b85-f447-4b10-8c8b-c4e3f99e1206
Формат отображения